Physical models for semiconductor devices / (Record no. 182217)
[ view plain ]
| 000 -LEADER | |
|---|---|
| fixed length control field | 00910 a2200193 4500 |
| 003 - CONTROL NUMBER IDENTIFIER | |
| control field | Nust |
| 005 - DATE AND TIME OF LATEST TRANSACTION | |
| control field | 20221130112919.0 |
| 010 ## - LIBRARY OF CONGRESS CONTROL NUMBER | |
| LC control number | 73092764 |
| 020 ## - INTERNATIONAL STANDARD BOOK NUMBER | |
| International Standard Book Number | 0844803030 (Crane, Russak) |
| 040 ## - CATALOGING SOURCE | |
| Transcribing agency | Nust |
| 082 00 - DEWEY DECIMAL CLASSIFICATION NUMBER | |
| Classification number | 621.38152,CAR |
| 100 1# - MAIN ENTRY--PERSONAL NAME | |
| Personal name | Carroll, John E. |
| 9 (RLIN) | 78601 |
| 245 10 - TITLE STATEMENT | |
| Title | Physical models for semiconductor devices / |
| Statement of responsibility, etc. | John E. Carroll. |
| 260 ## - PUBLICATION, DISTRIBUTION, ETC. | |
| Place of publication, distribution, etc. | London, |
| Name of publisher, distributor, etc. | E. Arnold; |
| Place of publication, distribution, etc. | New York, |
| Name of publisher, distributor, etc. | Crane, Russak, |
| Date of publication, distribution, etc. | 1974. |
| 300 ## - PHYSICAL DESCRIPTION | |
| Extent | xiv, 253 p. |
| Other physical details | illus. |
| Dimensions | 24 cm. |
| 505 ## - FORMATTED CONTENTS NOTE | |
| Formatted contents note | Semiconductor Devices (Page-1), Semiconductor Materials (Page-7), Conduction and Equilibrium in Solids (Page-34), P-N Junction (Page-55), Amplifiers and Control Devices using p-n Junction (Page-84), Waves in Crystals (Page-125), Devisees using Metal –Semiconductor –Insulator Combinations (Page-150), Hot Electron Devices (Page-177), Optical Devices (Page-204). |
| 650 #0 - SUBJECT ADDED ENTRY--TOPICAL TERM | |
| Topical term or geographic name entry element | Telecommunication Engineering |
| 942 ## - ADDED ENTRY ELEMENTS (KOHA) | |
| Source of classification or shelving scheme | |
| Koha item type | Book |
| Withdrawn status | Lost status | Source of classification or shelving scheme | Damaged status | Not for loan | Permanent Location | Current Location | Shelving location | Date acquired | Full call number | Barcode | Date last seen | Price effective from | Koha item type | Public note |
|---|---|---|---|---|---|---|---|---|---|---|---|---|---|---|
| Military College of Signals (MCS) | Military College of Signals (MCS) | General Stacks | 12/12/2016 | 621.38152,CAR | MCS5150 | 12/08/2016 | 12/12/2016 | Book | Almirah No.33, Shelf No.4 | |||||
| Military College of Signals (MCS) | Military College of Signals (MCS) | General Stacks | 12/12/2016 | 621.38152,CAR | MCS5151 | 12/08/2016 | 12/12/2016 | Book | Almirah No.33, Shelf No.4 |
